000 00826nam a2200205 i 4500
001 180633
003 ES-MaACL
005 20250815112605.0
008 120619s1976 sp |||| | spa d
080 _a577.1(043)
100 1 _aLluis Biset, Carmen.
_9150650
245 1 0 _aGrupos - SH en la LDH cristalizada de higado de pollo
_b: contribución al conocimiento del centro de unión del coenzima y del substrato /
_c[por] Carmen Lluis Biset.
260 _aBarcelona :
_bUniversidad, Secretariado de Publicaciones, Intercambio Científico y Extensión Universitaria,
_c1976.
300 _a27 p. :
_bil. ;
_c24 cm.
502 _aTesis-Universidad Barcelona (Extracto)
650 0 7 _aBioquímica
_2embne
_9136796
710 2 _aUniversidad de Barcelona.
_97141
852 _aES-MaACL
_jE-15362(172)
999 _c180633
_d180633